书目信息 |
| 题名: |
梵高的耳朵
|
|
| 作者: | 墨菲 著 ;晏子慧 译 | |
| 分册: | ||
| 出版信息: | 北京 北京联合出版公司 2018.02 |
|
| 页数: | 377页, [16] 页图版 | |
| 开本: | 21cm | |
| 丛书名: | ||
| 单 册: | ||
| 中图分类: | K835.635.72=43 | |
| 科图分类: | ||
| 主题词: | 画家--hua jia--人物研究--荷兰--近代 | |
| 电子资源: | ||
| ISBN: | 978-7-5596-1259-5 | |
| 000 | 01387nam0 2200313 450 | |
| 001 | CAL 008880662 | |
| 005 | 20180314132815.5 | |
| 010 | @a978-7-5596-1259-5@b@dCNY75.00 | |
| 100 | @a20180313d2018 em y0chiy50 ea | |
| 101 | 1 | @achi@ceng |
| 102 | @aCN@b110000 | |
| 105 | @aaf a 000yd | |
| 106 | @ar | |
| 200 | 1 | @a梵高的耳朵@Afan gao de er duo@e一个真实的故事@f(英) 贝尔纳黛特·墨菲著@d= Van Gogh's ear@ethe true story@fBernadette Murphy@g晏子慧译@zeng |
| 210 | @a北京@c北京联合出版公司@d2018.02 | |
| 215 | @a377页, [16] 页图版@c图@d21cm | |
| 314 | @a贝尔纳黛特·墨菲, 曾在伦敦学习艺术史。成年后, 她在法国南部生活了很长一段时间, 从事过多种行业。 | |
| 320 | @a有书目 (第369-374页) | |
| 330 | @a本书内容包括: 悬案重开 ; 苦痛黑暗 ; 失望与发现 ; 美妙绝伦 ; 活在梵高的世界里 ; 夜与猫头鹰 ; 文森特先生 ; 患难之交 ; 终于有个家 ; 艺术家小屋 ; 暴风雨前奏 ; 极度黑暗的一天 ; 黑暗秘事 ; 揭晓疑团 ; 在那以后 ; “速来”等。 | |
| 500 | 10 | @aVan Gogh's ear : the true story@mChinese |
| 517 | 1 | @a一个真实的故事@Ayi ge zhen shi de gu shi |
| 600 | 1 | @a凡高@Afan gao@g(Van Gogh, Vincent,@f1853-1890@x人物研究 |
| 606 | 0 | @a画家@Ahua jia@x人物研究@y荷兰@z近代 |
| 690 | @aK835.635.72=43@v5 | |
| 701 | 1 | @a墨菲@Amo fei@g(Murphy, Bernadette)@4著 |
| 702 | 0 | @a晏子慧@Ayan zi hui@4译 |
| 801 | 0 | @aCN@b人天书店@c20180313@g |
| 905 | @aBZT@dK835.635.72=43@e1 | |
| 906 | @dCNY75.00@n3@r1 | |
| 梵高的耳朵:一个真实的故事/(英) 贝尔纳黛特·墨菲著= Van Gogh's ear:the true story/Bernadette Murphy/晏子慧译.-北京:北京联合出版公司,2018.02 |
| 377页, [16] 页图版:图;21cm |
| ISBN 978-7-5596-1259-5:CNY75.00 |
| 本书内容包括: 悬案重开 ; 苦痛黑暗 ; 失望与发现 ; 美妙绝伦 ; 活在梵高的世界里 ; 夜与猫头鹰 ; 文森特先生 ; 患难之交 ; 终于有个家 ; 艺术家小屋 ; 暴风雨前奏 ; 极度黑暗的一天 ; 黑暗秘事 ; 揭晓疑团 ; 在那以后 ; “速来”等。 |
| ● |
| 相关链接 |
|
|
|
正题名:梵高的耳朵
索取号:K835.635.72=43/1
 
预约/预借
| 序号 | 登录号 | 条形码 | 馆藏地/架位号 | 状态 | 备注 |
| 1 | 852427 | 2000852427 | 第二书库/ [索取号:K835.635.72=43/1] | 在馆 | |
| 2 | 852428 | 2000852428 | 第二书库/ [索取号:K835.635.72=43/1] | 在馆 | |
| 3 | 852429 | 2000852429 | 第二书库/ [索取号:K835.635.72=43/1] | 在馆 |